000 00560pab a2200169 454500
008 180718b2000 xxu||||| |||| 00| 0 eng d
100 _aHussain, M.A.
245 _aImplementation of 74th Constitution Amendment Act in Andhra Pradesh with special reference to the civil programmes undertaken in Tirupati
260 _c2000
300 _ap.253-62
362 _aJul-Sep
650 _aIndia - Constitution - Amendments - 74th
650 _aLocal government - India - Andhra Pradesh
650 _aLocal government
773 _aISDA Journal
909 _a47417
999 _c47417
_d47417